| 000 | 00464nam a2200193Ia 4500 | ||
|---|---|---|---|
| 005 | 20230707114843.0 | ||
| 008 | 131103s9999 xx 000 0 und d | ||
| 020 | _a722132751 | ||
| 040 | _aLoreto College | ||
| 041 | _aEnglish | ||
| 082 |
_aF _bELE |
||
| 100 | _aElegant,Robert | ||
| 245 |
_aMandarin _cRobert Elegant |
||
| 260 |
_aLondon _bSphere Books Limited _c1983 |
||
| 300 | _a689 p. | ||
| 650 | _aFiction in English | ||
| 850 | _aLCLIB | ||
| 942 | _cBK | ||
| 999 |
_c16010 _d66489 |
||